000 00697nam a2200121Ia 4500
008 220615s9999||||xx |||||||||||||| ||und||
245 0 _aHealth Among the Elderly in Germany
_bNew Evidence on Disease, Disability and Care Need
546 _aEnglish[eng]
650 _aHealth differences Causality Risk groups||Aachen||Bremen||Dementia||Dresden||Düsseldorf||Erfurt||Germany||Hamburg||Saarbrücken||Stuttgart
700 _aDoblhammer, Gabriele
856 _uhttps://library.oapen.org/bitstream/20.500.12657/29435/1/9783847402886.pdf||https://library.oapen.org/bitstream/20.500.12657/29435/1/9783847402886.pdf||https://library.oapen.org/bitstream/20.500.12657/29435/1/9783847402886.pdf
942 _cEB
999 _c9158
_d9158